000 00389nam a2200157Ia 4500
005 20240624060401.0
008 240331s9999 xx 000 0 und d
020 _a8177200542
082 _bCRA
_a894.811
100 _aCraig, E
245 0 _aThathuvam :
_bmika churukkamanaarimugam
260 _aPuthanantham
_badaiyalayam
_c2005
300 _a188 p .,
650 _aphilosophy
942 _cL
999 _c3834
_d3834